Générique Bravo Gudule - Paroles - Statistiques

Statistiques générales
  • Ce quiz a été pris 8 fois
  • Le résultat moyen est 8 sur 16
Statistiques - réponses
Paroles % Correct
Je m'appelle {Gudule}
100%
Je partage mon point de {vue}
88%
Et je vis dans une {bulle}
75%
Mis à part mon {papa}
63%
Avec des milliers de {fans}
50%
Et du {haut} de mon être
50%
{Gudule}
50%
Je me tiens toujours {prête}
50%
Là-haut dans les {airs}
50%
Vous aimez mon {style}
50%
A chaque fois dans le {mille}
38%
Au milieu d'un {parterre}
25%
Avec tous ces {Bravo}
25%
Mes conseils si {subtil}
25%
A être {applaudie}
13%
En être {étourdie}
13%
Aucun quiz correspondant
Distribution des résultats
% des personnes avec chaque résultat
Percentile par nombre de réponses
Votre historique - résultats
Vous n’avez pas pris ce quiz